Xará, o doidão que começou na maconha e terminou no pó (Record no. 184450)

MARC details
000 -LÍDER
campo de controle de tamanho fixo 00398 a2200157 4500
001 - NÚMERO DE CONTROLE
campo de controle 184450
020 ## - ISBN - INTERNATIONAL STANDARD BOOK NUMBER
ISBN - International Standard Book Number
040 ## - FONTE DA CATALOGAÇÃO
Instituição que transcreveu o registro Magnum
100 ## - ENTRADA PRINCIPAL--NOME PESSOAL
Nome pessoal Aquino, Eduardo
240 10 - TÍTULO UNIFORME
Título uniforme Xará, o doidão que começou na maconha e terminou no pó
Idioma da obra por
245 10 - TÍTULO
Título Xará, o doidão que começou na maconha e terminou no pó
300 ## - DESCRIÇÃO FÍSICA
Extensão 96
362 0# - DATAS DE PUBLICAÇÃO E/OU DESIGNAÇÃO SEQUENCIAL
Datas de publicação e/ou designação sequencial 1999
697 ## - ENTRADA DE ASSUNTO LOCAL--ENTIDADE COLETIVA (RLIN)
Nome corporativo ou nome da jurisdição LITERATURA JUVENIL
942 ## - ELEMENTOS DE ENTRADA ADICIONADOS (KOHA)
Tipo de material Koha Livros
Holdings
Situação do descarte Situação das perdas Situação física Não pode ser emprestado Biblioteca de origem Biblioteca atual Data de aquisição Total de empréstimos Número de chamada completo Código de barras Data de último acesso Data do preço efetivo Tipo de material Koha
        Magnum Magnum 08/06/2024   869.3.111 MAG00043838 08/06/2024 08/06/2024 Livros